Score 0/30 Timer 05:00
3 Plays Today
% Correct
Yes. James Corden was born in London, England.
86.2%
Yes. David Bowie was born in London, England.
84.9%
Yes. Gary Oldman was born in London, England.
84.8%
Yes. Jimmy Carr was born in London, England.
82.1%
Yes. Idris Elba was born in London, England.
73.7%
Yes. Richard Branson was born in London, England.
73.7%
No. Seth MacFarlane was born in Kent, Connecticut.
71.5%
Yes. Tom Jones was born in Glamorgan, Wales.
71.5%
No. Bono was born in Glasnevin, Ireland.
71.1%
No. Nikolaj Coster-Waldau was born in Rudkøbing, Denmark.
68.9%
No. Freddie Mercury was born in Zanzibar City, Tanzania.
67.7%
No. Rita Ora was born in Pristina, Yugoslavia.
65.5%
No. Mike Myers was born in Toronto, Canada.
63.8%
No. Tim Burton was born in Burbank, California.
61%
Yes. Daniel Sturridge was born in Birmingham, England.
60%
% Correct
Yes. Rory McIlroy was born in Holywood, Northern Ireland.
58.2%
No. Eva Green was born in Paris, France.
53.9%
Yes. Sacha Baron Cohen was born in London, England
53.3%
Yes. Jamie Dornan was born in Holywood, Northern Ireland.
52.8%
Yes. Tim Minchin was born in Northampton, England.
52%
Yes. Angus Young was born in Glasgow, Scotland.
51.2%
No. Prince Philip was born in Mon Repos, Greece.
48.9%
No. Pierce Brosnan was born in Drogheda, Ireland.
47.7%
Yes. Omid Djalili was born in London, England.
43.5%
No. Graham Norton was born in Clondalkin, Ireland.
38.8%
Yes. Colin Mochrie was born in Kilmarnock, Scotland.
38%
No. Raheem Sterling was born in Kingston, Jamaica.
36.2%
No. Andrew Garfield was born in Los Angeles, California.
32.2%
No. Eddie Izzard was born in Colony of Aden, Yemen.
29.2%
No. Emma Watson was born in Paris, France.
25%
Remove Ads.
Support Sporcle.
Get the best of Sporcle when you Go Orange. This ad-free experience offers more features, more stats, and more fun while also helping to support Sporcle. Thank you for becoming a member.

You're not logged in!

Compare scores with friends on all Sporcle quizzes.
OR
Log In

Show Comments

Extras

Top Quizzes Today


Score Distribution

Your Account Isn't Verified!

In order to create a playlist on Sporcle, you need to verify the email address you used during registration. Go to your Sporcle Settings to finish the process.

Report this User

Report this user for behavior that violates our Community Guidelines.

Details: